000
00279nam a22001217a 4500
020
_a
0-06-029323-3
082
_a
823
_b
BAU/W
100
_a
BAUN, L FRANK
245
_a
THE WONDERFUL WIZARD OF OZ
260
_a
USA
_b
HARPER COLLINS
650
_a
ENGLISH SHORT STORY
_z
USA
942
_c
BK
999
_c
3036
_d
3036